Projekty ako nástroje zmeny v podniku diplomová práca

Salvato in:
Dettagli Bibliografici
Autore principale: Kolinčáková, Gabriela
Ente Autore: Podnikovohospodárska fakulta EU so sídlom v Košiciach. Katedra ekonómie a manažmentu
Altri autori: Mizla, Martin, 1955-
Natura: Libro
Lingua:slovacco
Pubblicazione: Košice 2023
Tags: Aggiungi Tag
Nessun Tag, puoi essere il primo ad aggiungerne!!

MARC

LEADER 00000nbm a2200000 4500
001 0292893
005 20240812121848.0
041 0 |a slo 
044 |a SK 
245 1 0 |a Projekty ako nástroje zmeny v podniku  |b diplomová práca  |c Gabriela Kolinčáková ; školiteľ: Martin Mizla 
264 1 |a Košice  |c 2023 
300 |a 72 s. 
100 1 |a Kolinčáková, Gabriela 
700 1 |a Mizla, Martin, 1955- 
710 2 |a Podnikovohospodárska fakulta EU so sídlom v Košiciach. Katedra ekonómie a manažmentu